Design of concrete structures (Record no. 3628)

000 -LEADER
fixed length control field 00663nam a2200229 a 4500
001 - CONTROL NUMBER
control field 3628
003 - CONTROL NUMBER IDENTIFIER
control field BD-DhUET
008 - FIXED-LENGTH DATA ELEMENTS--GENERAL INFORMATION
fixed length control field 850621s1985 enka b 101 0 eng
020 ## - INTERNATIONAL STANDARD BOOK NUMBER
International Standard Book Number 007Y665486
040 ## - CATALOGING SOURCE
Original cataloging agency DLC
Transcribing agency DLC
Modifying agency BD-DhUET
082 00 - DEWEY DECIMAL CLASSIFICATION NUMBER
Classification number 624.183
Item number NIL/1986
100 ## - MAIN ENTRY--PERSONAL NAME
Personal name Nilson, Arthur H.
245 00 - TITLE STATEMENT
Title Design of concrete structures
Statement of responsibility, etc. by Arthur H. Nilson and George Winter
250 ## - EDITION STATEMENT
Edition statement 10th ed.
260 ## - PUBLICATION, DISTRIBUTION, ETC. (IMPRINT)
Place of publication, distribution, etc. New York:
Name of publisher, distributor, etc. McGraw Hill Book Company,
Date of publication, distribution, etc. 1986.
300 ## - PHYSICAL DESCRIPTION
Extent xi, 380 p. :
Other physical details ill. ;
Dimensions 23 cm.
490 ## - SERIES STATEMENT
Series statement Civil engineering series
504 ## - BIBLIOGRAPHY, ETC. NOTE
Bibliography, etc Includes bibliographies
650 #0 - SUBJECT ADDED ENTRY--TOPICAL TERM
Topical term or geographic name as entry element Reinforced concrete
700 ## - ADDED ENTRY--PERSONAL NAME
Personal name Winter, George
942 ## - ADDED ENTRY ELEMENTS (KOHA)
Koha item type General Book
Holdings
Koha date last borrowed Koha full call number Withdrawn status Koha normalized classification for sorting Not for loan Piece designation (barcode) Source of classification or shelving scheme Koha date last seen Koha item type Date acquired Koha issues (times borrowed) Damaged status Shelving location Price effective from Koha renewals Lost status Sublocation or collection (holding branch) Location (home branch) Copy number Koha out on loan
2026-02-23624.183/NIL/1986 624_000000000000000_183NIL1986 77873 2026-02-23General Book2014-11-026 Circulation section2014-11-021 Central Library, BUETCentral Library, BUET12027-02-23
 624.183 NIL/1986 624_183000000000000_NIL_1986 77816 2024-12-04Rental Item1990-10-23  Rental section2024-12-04  Central Library, BUETCentral Library, BUET১০/ক-১ 
 624.183 NIL/1986 624_183000000000000_NIL_1986 77817 2024-12-04Rental Item1990-10-23  Rental section2024-12-04  Central Library, BUETCentral Library, BUET১০/ক-২ 
 624.183 NIL/1986 624_183000000000000_NIL_1986 77818 2024-12-04Rental Item1990-10-23  Rental section2024-12-04  Central Library, BUETCentral Library, BUET১০/ক-৩ 
 624.183 NIL/1986 624_183000000000000_NIL_1986 77819 2024-12-04Rental Item1990-10-23  Rental section2024-12-04  Central Library, BUETCentral Library, BUET১০/ক-৪ 
 624.183 NIL/1986 624_183000000000000_NIL_1986 77820 2024-12-04Rental Item1990-10-23  Rental section2024-12-04  Central Library, BUETCentral Library, BUET১০/ক-৫ 
 624.183 NIL/1986 624_183000000000000_NIL_1986 77821 2024-12-04Rental Item1990-10-23  Rental section2024-12-04  Central Library, BUETCentral Library, BUET১০/ক-৬ 
 624.183 NIL/1986 624_183000000000000_NIL_1986 77822 2024-12-04Rental Item1990-10-23  Rental section2024-12-04  Central Library, BUETCentral Library, BUET১০/ক-৭ 
 624.183 NIL/1986 624_183000000000000_NIL_1986 77823 2024-12-04Rental Item1990-10-23  Rental section2024-12-04  Central Library, BUETCentral Library, BUET১০/ক-৮ 
 624.183 NIL/1986 624_183000000000000_NIL_1986 77824 2024-12-04Rental Item1990-10-23  Rental section2024-12-04  Central Library, BUETCentral Library, BUET১০/ক-৯ 
 624.183 NIL/1986 624_183000000000000_NIL_1986 77825 2024-12-04Rental Item1990-10-23  Rental section2024-12-04  Central Library, BUETCentral Library, BUET১০/ক-১০ 
 624.183 NIL/1986 624_183000000000000_NIL_1986 77826 2024-12-04Rental Item1990-10-23  Rental section2024-12-04  Central Library, BUETCentral Library, BUET১০/ক-১১ 
 624.183 NIL/1986 624_183000000000000_NIL_1986 77827 2024-12-04Rental Item1990-10-23  Rental section2024-12-04  Central Library, BUETCentral Library, BUET১০/ক-১২ 
 624.183 NIL/1986 624_183000000000000_NIL_1986 77828 2024-12-04Rental Item1990-10-23  Rental section2024-12-04  Central Library, BUETCentral Library, BUET১০/ক-১৩ 
 624.183 NIL/1986 624_183000000000000_NIL_1986 77829 2024-12-04Rental Item1990-10-23  Rental section2024-12-04  Central Library, BUETCentral Library, BUET১০/ক-১৪ 
 624.183 NIL/1986 624_183000000000000_NIL_1986 77830 2024-12-04Rental Item1990-10-23  Rental section2024-12-04  Central Library, BUETCentral Library, BUET১০/ক-১৫ 
 624.183 NIL/1986 624_183000000000000_NIL_1986 77831 2024-12-04Rental Item1990-10-23  Rental section2024-12-04  Central Library, BUETCentral Library, BUET১০/ক-১৬ 
 624.183 NIL/1986 624_183000000000000_NIL_1986 77832 2024-12-04Rental Item1990-10-23  Rental section2024-12-04  Central Library, BUETCentral Library, BUET১০/ক-১৭ 
 624.183 NIL/1986 624_183000000000000_NIL_1986 77833 2024-12-04Rental Item1990-10-23  Rental section2024-12-04  Central Library, BUETCentral Library, BUET১০/ক-১৮ 
 624.183 NIL/1986 624_183000000000000_NIL_1986 77834 2024-12-04Rental Item1990-10-23  Rental section2024-12-04  Central Library, BUETCentral Library, BUET১০/ক-১৯ 
 624.183 NIL/1986 624_183000000000000_NIL_1986 77835 2024-12-04Rental Item1990-10-23  Rental section2024-12-04  Central Library, BUETCentral Library, BUET১০/ক-২০